| 000 | 00917nam a22001937a 4500 | ||
|---|---|---|---|
| 999 |
_c57367 _d57367 |
||
| 003 | Ge_BSU | ||
| 005 | 20200603145050.0 | ||
| 008 | 200603s1974 xxu||||| |||| 00| 0 geo d | ||
| 041 | _ageo | ||
| 080 | _a581.526.42(075.8) ა-14 | ||
| 100 |
_aაბაშიძე, ი _92742 |
||
| 245 |
_aდენდროლოგია : _bშიშველთესლიანები : სახელმძღ. უმაღლ.სასოფლო-სამეურნეო ისტიტუტის სტუდენტებისათვის / _cი. აბაშიძე ; რედ. მ.სულაძე. |
||
| 264 |
_aთბილისი : _bგანათლება, _c1974.. |
||
| 300 |
_a328 გვ.; _c23სმ. |
||
| 653 | _aდენდროლოგია | ||
| 653 | _aბოტანიკა | ||
| 700 |
_aსულაძე, მ _eრედაქტორი _93155 |
||
| 942 |
_2udc _cBK |
||